000 00500nam a2200181 i 4500
001 bg
100 1 _aPOSZEPCZYŃSKI, Władysław.
245 1 0 _aPrzetwórstwo mięsa /
_cWładysław Poszepczyński.
250 _aWyd.2.
260 _aWarszawa :
_bWydawnictwa Szkolne i Pedagogiczne ;
_c1980.
650 9 _aMięso
_xtechnologia
655 _aPodręczniki szkolne
040 _cBPK
041 _apol
080 _a637.5+664.8/.9](075.3)
942 _cKS
008 s pl f |000 0 pol
999 _c1807
_d1807
856 _uhttp://koha.tu.koszalin.pl/cgi-bin/koha/opac-detail.pl?biblionumber=1807
_yKatalog online BPK